Lógica : juegos de lenguaje e información :

Guardado en:
Autor Principal: Hintikka, Jaakko
Otros Autores: García Suárez, Alfonso, trad.
Formato: Libro
Publicado: Madrid : Tecnos, 1976
Materias:
Etiquetas: Agregar Etiqueta
Sin Etiquetas, Sea el primero en etiquetar este registro!
LEADER 00644nam a22002175a 4500
001 EHU.bham041908
003 AR-BHAM
005 20121206143344.0
008 130507s1976##################000#0#####d
020 |a 8430906398 
082 1 6 |a 160.7 
100 1 |a Hintikka, Jaakko 
245 1 0 |a Lógica :  |b juegos de lenguaje e información :  |c  Jaakko Hintikka : 
260 |a Madrid :  |b Tecnos,  |c 1976 
300 |a 333 p. 
600 1 4 |a Kant, Emmanuel 
653 |a Lógica 
653 |a Información-lógica 
653 |a Lógica-filosofía de la 
700 1 |a García Suárez, Alfonso, trad. 
859 |a AR-BHAM  |b BIB. HUMANIDADES - General  |h 160.7  |i H596  |p 384.12  |t Ej.1